00795    a2200205   4500020001100000035001200011037004700023082001100070090001500081100002100096245006500117250002400182260004600206270008800252300003300340700001700373942002600390999001500416952015800431  c160.00  aB-90448  bRP-ZLS-2235 / PANSY-05-06:6 / RP-05-06:ENG14a657.42  c2606d26061 aMaheshwari, S.N.1 aElements of cost accountingcby S.N. Maheshwari, S.N. Mittal  a21st rev. & enl. ed  aDelhibShree Mahavir Book Depot.c2005-06  a2603, Nai SarakcDelhie110006k23262993l23270792mmahavirpublications@hotmail.com  aiii, 440, 10 pc24 cm  (pbk)  aMittal, S.N.  adplcENk657.42 / MAH  c2563d2563  00102ddc40708NFICaZLSbZLSg160.00l0o657.42 MAHpB-90448r2008-09-15 00:00:00t1u2706v160.00w2008-09-15yENzWithdrawn List Prepared L.No.75/13